000 00347pab a2200157 454500
008 180718b2000 xxu||||| |||| 00| 0 eng d
100 _aRiberio, Julio
245 _aValue system and the police
260 _c2000
300 _ap.11
362 _a30 Nov
650 _aPolice - India
650 _aPolice
773 _aTribune
909 _a48011
999 _c48011
_d48011